000 00671nam a22001937a 4500
003 URS
005 20220114171700.0
008 170328b xxu||||| |||| 00| 0 eng d
050 _aHD60.5
_bU5.S8 1997
100 _aSteiner, George Albert
_4author
245 _aBusiness, government and society:
_ba managerial perspective:
_bText and cases
_cGeorge A. Steiner, John F. Steiner
250 _aEighth Edition
260 _aNew York:
_bThe McGraw-Hill Companies,
_c1997
300 _axx, 668 pages;
_c26 cm.
490 _aMcGraw-Hill series in management
504 _aIncludes bibliographical references and index
700 _4author
_aSteiner, John F.
942 _cFR
_2lcc
999 _c14480
_d14480